00710nam a2200205Ia 4500001000700000008004100007035001500048041000800063084001900071110005300090245014100143260002600284300002200310650002000332650002300352650001100375650001500386650002000401710008300421000297221003s1991 xx 000 0 spa d aCENDO_1413 aspa aGJ-00004-00004 aCCOO.bConfederación Sindical del País Vasco 0aAcuerdo interconfederal sobre autorregulación de la huelga para los servicios esenciales de la comunidad en Euskadi /cCCOO de Euskadi a[S.l. :bs.n.],c1991 a[7] h. ;c 30 cm aAUTORREGULACION aDERECHO DE REUNION aHUELGA aPAIS VASCO aSERVICIO MINIMO aPAIS VASCObAcuerdo Interconfederal sobre autorregulación de la huelgad1991